| 000 | 00000nam##2200000za#4500 |
| 001 | 9.680417 |
| 003 | CaOODSP |
| 005 | 20200330063908 |
| 007 | ta |
| 008 | 150407|1998||||xxc||||| f|0| 0 fre|d |
| 020 | |a0-662-82849-6 |
| 040 | |aCaOODSP|bfre |
| 043 | |an-cn--- |
| 086 | 1 |aH46-2/98-219F |
| 110 | 1 |aCanada.|bSanté Canada. |bDirection de l'hygiène du milieu. |
| 245 | 10|aIndicateurs sanitaires pour les résidents du bassin des Grands lacs : |bnuméros 1 à 20 / |cPublié par Les Grands Lacs: Impact sur la santé. |
| 260 | |aOttawa - Ontario : |bSanté Canada. |c1998. |
| 300 | |a151p. : |bgraphiques, cartes, références, tableaux ; |c28 cm. |
| 500 | |a«Le présent document présente une série d'indicateur qui, ensemble, servent à surveiller la santé humaine dans ses rapports avec l'environnement[...] Il y trois catégories d'indicateurs dans ce rapport: 1) les indicateurs des effets sur la santé, 2) ceux de l'exposition et 3) les tendances géographiques et temporelles de l'incidence des maladies.»--Page 1. |
| 520 | 3 |aLe présent document présente une série d'indicateur qui, ensemble, servent à surveiller la santé humaine dans ses rapports avec l'environnement[...] Il y trois catégories d'indicateurs dans ce rapport: 1) les indicateurs des effets sur la santé, 2) ceux de l'exposition et 3) les tendances géographiques et temporelles de l'incidence des maladies.--Page 1 |
| 563 | |aReliure à anneaux |
| 590 | |a98-50|b1998-12-11 |
| 691 | 07|aSanté|2gcpds |
| 775 | 08|tHealth related indicators of the Great Lakes Basin population : |w(CaOODSP)9.646925 |